000 00506nam a2200205Ia 4500
003 OSt
005 20140314141002.0
008 140130s9999 xx 000 0 und d
020 _a0590162918
050 _aPZ 7
_b.R982Hap 1990
100 _aRylant, Cynthia
245 _cCynthia Rylant
_aHenry & Mudge and Happy Cat /
260 _bScholastic,
_c1990.
_aNew York :
300 _a47 p. :
_bcol. ill. ;
_c23 cm.
440 _v1
521 _aG2
526 _c470
942 _cBK
_2lcc
999 _c40424
_d40424